Datum a čas kvízu
25.5
Celkem bodů
Celkový počet nahraných bodů na tomto kvízu bez doplňovacích otázek.
10.
Pořadí na kvízu
Konečné umístění týmu na tomto kvízu.
Zaznamenané odpovědi
| # | Otázka | Odpověď | Body | Výsledky |
|---|---|---|---|---|
| 1. | Katedrála svatého Víta se po č... | Petr Pavel | 1 | |
| 2. | Koncem týdne jsme se dozvěděli... | Skype | 1 | |
| 3. | Minulý týden byly zveřejněny v... | Henry Cavill | 1 | |
| 4. | Jak se nazývá nová platforma,... | Oneplay | 0 | |
| 5. | Ve středu odstartoval v norské... | klasické (severské) lyžování | 0 | |
| 6. | Které souostroví se v češtině... | Kapverdy | 0 | |
| 7. | V jistém městě v Královéhradec... | Červený Kostelec | 1 | |
| 8. | Která známá historická osobnos... | Adolf Hitler | 1 | |
| 9. | Jak se jmenuje národní park, v... | Yellowstonský národní park | 1 | |
| 10. | Jak se nazývá německé pohoří,... | Černý les (Schwarzwald) | 1 |